000 00690nam a22002057a 4500
003 OSt
005 20251024010207.0
008 251007b |||||||| |||| 00| 0 eng d
020 _a971-045929-2.
040 _aDWCL-Main lib
_cOC.
082 _aFil. 363.11 P368i 2008
100 _aPeckley, Miller F.
245 _aIndustrial security management :
_breview handbook for criminologists licensure examination
260 _aQuezon City :
_bWiseman's Books Trading,
_cc2008.
300 _avi, 260 pages ;
_c23 cm.
504 _aIncludes bibliographical references and index.
650 _21. Occupational health and safety.
650 _22. Safety measures.
942 _2ddc
_cBK - FIL
_kFil.
_n0
999 _c4665
_d4665